Top 15 młodzieżowców ekstraklasy 24/25 - Statystyki

Ogólne statystyki
  • Ten quiz został rozwiązany 22 razy
  • Średni wynik to 9 z 15
Statystyki odpowiedzi
klub ocena zawodnik % Poprawnych
Legia Warszawa 5,44 Jan Ziółkowski
100%
Lech Poznań 5,59 Antoni Kozubal
94%
Korona Kielce 5,23 Mariusz Fornalczyk
89%
Raków Częstochowa 5,62 Kacper Trelowski
83%
Lech Poznań 4,87 Michał Gurgul
83%
Jagiellonia Białystok 5,42 Sławomir Abramowicz
78%
Zagłębie Lubin 5,10 Tomasz Pieńko
78%
GKS Katowice 5,23 Mateusz Kowalczyk
72%
Lechia Gdańsk 5,10 Szymon Weirauch
56%
Cracovia 5,04 Filip Rózga
50%
Zagłębie Lubin 5,04 Igor Orlikowski
44%
Radomiak Radom 5,06 Maciej Kikolski
39%
Stal Mielec 4,97 Jakub Mądrzyk
22%
Śląsk Wrocław 4,92 Tommaso Guercio
17%
Lechia Gdańsk 4,90 Tomasz Negeubauer
0%
Nie znaleziono quizów pasujących do podanych kryteriów
Rozkład punktacji
Procent ludzi z każdym wynikiem
Percentyl według liczby udzielonych odpowiedzi
Twoja historia wyników
Nie rozwiązałeś tego quizu